000 00673nam a22002417a 4500
005 20170124110202.0
010 _a971884
020 _c25.00
035 _a971884
037 _bCen Lib/Ret
040 _aDPL
_bEN
082 _a181.432
_bSHA
100 _aSharma, H. L.
_934444
245 _aYoga technique of psychotherapy /
_cBy H. L. Sharma
246 _b
260 _bGDK Publications
_c1979
_aDelhi
270 _bDelhi
_a3623, Chawri Bazar
_e110006
300 _ax,92p.
_c21cm(Hb)
500 _aIncludes bibliographical references and index
650 _aPsychotherapy
_934846
650 _aYoga
_936505
942 _2ddc
_cEN
_h181.432
_mSHA
999 _c133012
_d133012